Dibujos de Togores / (Record no. 177315)

MARC details
000 -LEADER
campo de control de longitud fija 00866nam a2200241 i 4500
001 - NÚMERO DE CONTROL
campo de control 177315
003 - IDENTIFICADOR DE NÚMERO DE CONTROL
campo de control ES-MaACL
005 - FECHA Y HORA DE LA ÚLTIMA TRANSACCIÓN
campo de control 20250904073105.0
007 - CAMPO FIJO DE DESCRIPCIÓN FÍSICA--INFORMACIÓN GENERAL
campo de control de longitud fija t|
008 - DATOS DE LONGITUD FIJA--INFORMACIÓN GENERAL
campo de control de longitud fija 110315s1973 sp af ||||1| spa d
080 ## - NÚMERO DE LA CLASIFICACIÓN DECIMAL UNIVERSAL
Número de la Clasificación Decimal Universal 74/75 Togores, Josep de
100 1# - ENTRADA PRINCIPAL--NOMBRE DE PERSONA
Nombre de persona Togores, Josep de.
9 (RLIN) 145642
245 10 - MENCIÓN DEL TÍTULO
Título Dibujos de Togores /
Mención de responsabilidad, etc. por José de Castro Arines.
250 ## - MENCION DE EDICION
Mención de edición 1ª ed.
260 ## - PUBLICACIÓN, DISTRIBUCIÓN, ETC.
Lugar de publicación, distribución, etc. Madrid :
Nombre del editor, distribuidor, etc. Ibérico Europea de Ediciones,
Fecha de publicación, distribución, etc. 1973.
300 ## - DESCRIPCIÓN FÍSICA
Extensión [40] p. :
Otras características físicas principalmente il. ;
Dimensiones 31 cm.
490 1# - MENCIÓN DE SERIE
Mención de serie Maestros contemporáneos del dibujo y la pintura ;
Designación de volumen o secuencia 25
600 14 - PUNTO DE ACCESO ADICIONAL DE MATERIA--NOMBRE DE PERSONA
Nombre de persona Togores, Josep de.
9 (RLIN) 145642
700 1# - ENTRADA AGREGADA--NOMBRE PERSONAL
Nombre de persona Castro Arines, José de,
Fechas asociadas al nombre 1913-1997
9 (RLIN) 36907
830 10 - PUNTO DE ACCESO ADICIONAL DE SERIE-TÍTULO UNIFORME
Título uniforme Maestros contemporáneos del dibujo y la pintura
Designación de volumen o secuencia 25
9 (RLIN) 190405
852 4# - LOCALIZACIÓN
Ubicación ES-MaACL
Número de control de estantería E-14688 (5)
Encuadernación Olim P-1071
Nota libre - Enc. con otros títulos
Holdings
Estatus retirado Estado de pérdida Estado de daño No para préstamo Biblioteca de origen Biblioteca actual Ubicación en estantería Fecha de adquisición Fuente de adquisición Total de préstamos Signatura topográfica completa Código de barras Visto por última vez Precio de reemplazo Tipo de ítem Koha
        Biblioteca del Ateneo de Madrid Biblioteca del Ateneo de Madrid Depósito 2 15/03/2011     E-14688 (5) 1186232 23/02/2023 23/02/2023 Libro impreso